000 00390 a2200157 4500
001 48394
020 _a9788574067810
040 _cAnchieta - Bela Vista
100 _aLewis, Carroll
240 1 0 _aAventuras de Alice no País das Maravilhas
_lpor
245 1 0 _aAventuras de Alice no País das Maravilhas
300 _a166
362 0 _a2017
650 4 _aLiteratura juvenil
942 _cBK
999 _c48394
_d48394